| 000 | 00729nmc a2200277 a 4500 | ||
|---|---|---|---|
| 003 | AR-BaBNM | ||
| 005 | 20251128211810.0 | ||
| 008 | 216020s1996 ||||||||||||||000 | spa|| | ||
| 020 | _a1-85326-463-6 | ||
| 040 | _cAR-BaBNM | ||
| 100 | 1 |
_aMalory, Thomas _cSir |
|
| 245 | 1 | 0 | _aLe morte Darthur |
| 260 |
_aHertfordshire _bWordsworth Editions _c1996 |
||
| 300 | 0 | _a843 p. | |
| 490 | 0 | _aWordsworth classics of world literature | |
| 650 | 4 | _aLITERATURA INGLESA | |
| 650 | 4 | _aLITERATURA POPULAR | |
| 650 | 4 | _aTRADICION ORAL | |
| 650 | 4 | _aRENACIMIENTO | |
| 653 | 0 | _aNOVELA DE CABALLERIA | |
| 653 | 0 | _aNARRATIVA | |
| 655 | _aLITERATURA | ||
| 700 | 1 |
_aMoore, Helen _eintroducción |
|
| 942 | _cBK | ||
| 998 | _cme-solo cat | ||
| 999 |
_c21166 _d21166 |
||